00373nam a2200145Ia 4500003000400000008004100004040001600045082002000061100001900081245005400100260004300154300000700197650001000204650001300214GCL140319s9999 xx 000 0 eng d aGCL / cGCL04aCHb795.42bY B1 aYEATMAN, LINDD10aSCIENCE MAGIC AND MAGIC TRICKS / cYEATMAN, LINDD a[S.N] : bLIBRAIRIE DU LIBAN ، c1992 a2804aGAMES04aCHILDREN